Information and Communication Technologies in Tourism 2022 (Record no. 26169)

MARC details
000 -LEADER
fixed length control field 00619nam a2200121Ia 4500
008 - FIXED-LENGTH DATA ELEMENTS--GENERAL INFORMATION
fixed length control field 220620s9999||||xx |||||||||||||| ||und||
245 #0 - TITLE STATEMENT
Title Information and Communication Technologies in Tourism 2022
Remainder of title Proceedings of the ENTER 2022 eTourism Conference, January 11-14, 2022
546 ## - LANGUAGE NOTE
Language note English[eng]
650 ## - SUBJECT ADDED ENTRY--TOPICAL TERM
Topical term or geographic name entry element eTourism Research||eCommerce and Tourism||Augmented Reality||Virtual Reality||ICT in Tourism||Smart Tourism||Big Data||Open Access
700 ## - ADDED ENTRY--PERSONAL NAME
Personal name Stienmetz, Jason L.||Ferrer-Rosell, Berta||Massimo, David
856 ## - ELECTRONIC LOCATION AND ACCESS
Uniform Resource Identifier <a href="https://library.oapen.org/bitstream/20.500.12657/52424/1/978-3-030-94751-4.pdf">https://library.oapen.org/bitstream/20.500.12657/52424/1/978-3-030-94751-4.pdf</a>
942 ## - ADDED ENTRY ELEMENTS (KOHA)
Koha item type E-Books
Holdings
Withdrawn status Lost status Damaged status Not for loan Home library Current library Date acquired Total Checkouts Date last seen Price effective from Koha item type
        Kerala University of Digital Sciences, Innovation and Technology Knowledge Centre Kerala University of Digital Sciences, Innovation and Technology Knowledge Centre 20/06/2022   20/06/2022 20/06/2022 E-Books